[Event "Battle of Alberta"]
[Site "Red Deer CAN"]
[Date "1998.08.15"]
[Round "2"]
[White "Maric, Victor"]
[Black "Fullbrook, Nigel"]
[Result "0-1"]
[WhiteElo "2275"]
[BlackElo "2327"]
[PlyCount "86"]
[GameId "2160767911806499"]
[EventDate "1998.08.15"]
[EventType "team"]
[EventRounds "2"]
[EventCountry "CAN"]

1. e4 d6 2. d4 Nf6 3. Nc3 g6 4. f4 Bg7 5. Nf3 c5 6. dxc5 Qa5 7. Bd3 Qxc5 8. Qe2 Nc6 9. Be3 Qa5 10. O-O Bg4 11. h3 Bxf3 12. Qxf3 O-O 13. a3 Rac8 14. Rab1 Nd7 15. Ne2 a6 16. Kh1 e6 17. g4 d5 18. Ng3 d4 19. Bf2 e5 20. f5 b5 21. Be1 Qd8 22. Bd2 Qh4 23. Qg2 Bh6 24. Be1 Qd8 25. Ne2 Nc5 26. h4 Be3 27. f6 Nxd3 28. cxd3 Kh8 29. g5 Qd7 30. Rf3 Nd8 31. Qg3 Rc2 32. Qg2 Ne6 33. Bg3 Bf4 34. Be1 Rfc8 35. Qf1 Kg8 36. Bf2 R8c6 37. Be1 Qc8 38. Bf2 h6 39. gxh6 Bxh6 40. Rg3 Nf4 41. Ng1 Rxf6 42. Qe1 Nxd3 43. Rxd3 Rfxf2 0-1

[Event "Battle of Alberta"]
[Site "Red Deer CAN"]
[Date "1998.08.15"]
[Round "2"]
[White "Miller, Chris"]
[Black "Clark, Alan"]
[Result "1-0"]
[WhiteElo "2025"]
[BlackElo "1506"]
[PlyCount "69"]
[GameId "2160767911806500"]
[EventDate "1998.08.15"]
[EventType "team"]
[EventRounds "2"]
[EventCountry "CAN"]

1. e4 c5 2. Nf3 d6 3. d4 cxd4 4. Nxd4 Nf6 5. Nc3 a6 6. Be2 e5 7. Nb3 Be7 8. Be3 b5 9. a3 Bb7 10. Bf3 Nbd7 11. O-O O-O 12. Qd2 Qc7 13. Rad1 Nc5 14. Nxc5 dxc5 15. Nd5 Nxd5 16. exd5 Bd6 17. g3 f5 18. Bg5 h6 19. Bxh6 gxh6 20. Qxh6 Qe7 21. Qg6+ Qg7 22. Qxd6 f4 23. Rde1 Rae8 24. Qxc5 Bc8 25. d6 Bh3 26. Bg2 Bxg2 27. Kxg2 f3+ 28. Kg1 Rf7 29. Re4 Qg5 30. Qd5 Qf5 31. Rh4 Kg7 32. h3 Rh8 33. g4 Qg5 34. Rxh8 Kxh8 35. Qxf7 1-0

[Event "Battle of Alberta"]
[Site "Red Deer CAN"]
[Date "1998.08.15"]
[Round "2"]
[White "Newton, Geoff"]
[Black "Kuczaj, Chris"]
[Result "1/2-1/2"]
[WhiteElo "2063"]
[BlackElo "2130"]
[PlyCount "60"]
[GameId "2160767911806501"]
[EventDate "1998.08.15"]
[EventType "team"]
[EventRounds "2"]
[EventCountry "CAN"]

1. e4 c5 2. c3 d6 3. d4 Nf6 4. Bd3 Nc6 5. Ne2 g6 6. O-O Bg7 7. d5 Ne5 8. Bc2 O-O 9. h3 Qb6 10. Nd2 c4 11. Kh1 Qc7 12. f4 Nd3 13. Bxd3 cxd3 14. Nd4 Nh5 15. Qf3 e5 16. dxe6 fxe6 17. N2b3 Qc4 18. Be3 e5 19. Nd2 Qf7 20. Nb5 Qd7 21. Nxa7 exf4 22. Bf2 Rxa7 23. Bxa7 Ng3+ 24. Kg1 Nxf1 25. Nxf1 Qa4 26. Qf2 Qxe4 27. Re1 Qd5 28. Nd2 Qxa2 29. Nf3 Qd5 30. Bd4 Bxd4 1/2-1/2

[Event "Battle of Alberta"]
[Site "Red Deer CAN"]
[Date "1998.08.15"]
[Round "2"]
[White "Perron, Sean"]
[Black "Willis, Rob"]
[Result "0-1"]
[WhiteElo "2210"]
[BlackElo "2126"]
[PlyCount "76"]
[GameId "2160767911806502"]
[EventDate "1998.08.15"]
[EventType "team"]
[EventRounds "2"]
[EventCountry "CAN"]

1. d4 Nf6 2. Nf3 e6 3. Bg5 Be7 4. Nbd2 h6 5. Bxf6 Bxf6 6. e4 d6 7. c3 Nc6 8. h3 O-O 9. a4 e5 10. dxe5 Nxe5 11. Be2 Ng6 12. O-O Nf4 13. Re1 Nxe2+ 14. Qxe2 Re8 15. Qd3 g6 16. Nc4 Bg7 17. Nd4 Qg5 18. Re3 a6 19. Rf1 Bd7 20. Nf3 Qd8 21. a5 Bb5 22. b4 Qd7 23. Nfd2 Qc6 24. f4 d5 25. exd5 Rxe3 26. Qxe3 Qxd5 27. Ne5 Bxf1 28. Nxf1 Bxe5 29. fxe5 Re8 30. Qxh6 Qxe5 31. Qd2 Qd6 32. Kf2 Qxd2+ 33. Nxd2 Kg7 34. Nb3 b6 35. Nd4 bxa5 36. bxa5 Re5 37. Nc6 Rc5 38. Nb8 Rxa5 0-1

[Event "Battle of Alberta"]
[Site "Red Deer CAN"]
[Date "1998.08.15"]
[Round "2"]
[White "Schaeffer, Jonathan"]
[Black "Demers, Chris"]
[Result "0-1"]
[WhiteElo "2238"]
[BlackElo "2238"]
[PlyCount "86"]
[GameId "2160767911806503"]
[EventDate "1998.08.15"]
[EventType "team"]
[EventRounds "2"]
[EventCountry "CAN"]

1. d4 Nf6 2. Bg5 e6 3. e4 h6 4. Bxf6 Qxf6 5. Nc3 d6 6. Nf3 b6 7. Qd2 Bb7 8. O-O-O Na6 9. Bb5+ c6 10. Be2 O-O-O 11. a4 g5 12. h3 Nc7 13. a5 b5 14. d5 a6 15. dxc6 Bxc6 16. Qe3 Qf4 17. Qxf4 gxf4 18. Nd4 Bb7 19. Bf3 Bg7 20. Rhe1 Ne8 21. Na2 Nf6 22. Nb4 Kc7 23. Rd3 Nd7 24. Rd2 Nc5 25. Rdd1 Rd7 26. Kb1 Rc8 27. Ka2 Kb8 28. c3 Bf6 29. Nd3 Bd8 30. b4 Na4 31. Rc1 Nxc3+ 32. Kb3 Bf6 33. Ne2 Nxe4 34. Rxc8+ Kxc8 35. Bxe4 Bxe4 36. Nexf4 Bh7 37. Rc1+ Rc7 38. Rxc7+ Kxc7 39. Ne1 Kc6 40. Nc2 Be5 41. Ne2 Bd3 42. Ng1 Bxc2+ 43. Kxc2 Bd4 0-1

[Event "Battle of Alberta"]
[Site "Red Deer CAN"]
[Date "1998.08.15"]
[Round "2"]
[White "Watson, Walter"]
[Black "Ficko, Brady"]
[Result "0-1"]
[WhiteElo "2071"]
[BlackElo "1984"]
[PlyCount "60"]
[GameId "2160767911806504"]
[EventDate "1998.08.15"]
[EventType "team"]
[EventRounds "2"]
[EventCountry "CAN"]

1. c4 Nf6 2. g3 e5 3. Bg2 d5 4. cxd5 Nxd5 5. Nc3 Be6 6. Nf3 Nc6 7. d3 f6 8. O-O Qd7 9. Bd2 O-O-O 10. a3 h5 11. b4 g5 12. b5 Nce7 13. Qa4 Kb8 14. Be3 Nxe3 15. fxe3 Nf5 16. Qe4 Bc5 17. Nxe5 Bxe3+ 18. Kh1 Qc8 19. Ng6 Rd4 20. Qf3 g4 21. Qxb7+ Qxb7 22. Bxb7 Rg8 23. Be4 Bd2 24. Nb1 Rxe4 25. dxe4 Rxg6 26. Rxf5 Be3 27. Rxh5 Bd4 28. Ra2 Bxa2 29. Nd2 Bc3 30. Rh8+ Rg8 0-1

[Event "Battle of Alberta"]
[Site "Red Deer CAN"]
[Date "1998.08.15"]
[Round "2"]
[White "Wong, Ford"]
[Black "Campbell, Gordon"]
[Result "1-0"]
[WhiteElo "2018"]
[BlackElo "2099"]
[PlyCount "76"]
[GameId "2160767911806505"]
[EventDate "1998.08.15"]
[EventType "team"]
[EventRounds "2"]
[EventCountry "CAN"]

1. d4 Nf6 2. c4 g6 3. Nc3 d5 4. cxd5 Nxd5 5. e4 Nxc3 6. bxc3 Bg7 7. Bc4 Nd7 8. Ne2 O-O 9. O-O c5 10. Be3 Qa5 11. a4 Nb6 12. Bb3 Rd8 13. Qc1 c4 14. Bc2 Bd7 15. Qa3 Bf8 16. Qc5 Qa6 17. a5 Nc8 18. Qg5 Nd6 19. f4 Ne8 20. f5 Qf6 21. fxg6 Qxg6 22. Qh4 Qg4 23. Qf2 f5 24. exf5 Nf6 25. h3 Qh5 26. Nf4 Qf7 27. Qh4 Qg7 28. Rf3 Kf7 29. Ne6 Bxe6 30. fxe6+ Kxe6 31. Bf5+ Kd5 32. Qf4 Kc6 33. Qe5 Rd5 34. Qe6+ Kc7 35. Bf4+ Kd8 36. Be4 Rd7 37. Be5 Nxe4 38. Bxg7 Ng5 1-0

[Event "Beloeil"]
[Site "Beloeil CAN"]
[Date "1998.04.21"]
[Round "1"]
[White "Charest, Johanne"]
[Black "Mikanovic, Goran"]
[Result "0-1"]
[WhiteElo "1909"]
[BlackElo "2037"]
[PlyCount "74"]
[GameId "2160767911873474"]
[EventDate "1998.04.21"]
[EventType "swiss"]
[EventRounds "5"]
[EventCountry "CAN"]

1. e4 c5 2. Nc3 Nc6 3. f4 g6 4. Nf3 Bg7 5. Bc4 e6 6. d3 Nge7 7. O-O O-O 8. Qe1 d5 9. Bb3 Nd4 10. Nxd4 cxd4 11. Ne2 dxe4 12. dxe4 b6 13. Qh4 Ba6 14. Re1 Nc6 15. Qh3 Na5 16. Bd2 Nxb3 17. Qxb3 Qd7 18. Rad1 Qc6 19. Bb4 Rfd8 20. e5 Bb7 21. Qf3 Qxf3 22. gxf3 Bxf3 23. Rxd4 g5 24. Bd6 g4 25. Kf2 Rac8 26. Nc3 f5 27. Re3 Kf7 28. Red3 Bc6 29. Rd2 h5 30. Kg3 h4+ 31. Kf2 Bh6 32. Ne2 Rg8 33. Rc4 Bb5 34. Rxc8 Rxc8 35. Ke3 Bxe2 36. Rxe2 Rc4 37. Rf2 Re4+ 0-1

[Event "Beloeil"]
[Site "Beloeil CAN"]
[Date "1998.05.08"]
[Round "2"]
[White "Weenas, Eric"]
[Black "Charest, Johanne"]
[Result "1-0"]
[WhiteElo "2195"]
[BlackElo "1909"]
[PlyCount "53"]
[GameId "2160767911873475"]
[EventDate "1998.04.21"]
[EventType "swiss"]
[EventRounds "5"]
[EventCountry "CAN"]

1. Nf3 d5 2. d4 c5 3. c4 e6 4. cxd5 exd5 5. Nc3 cxd4 6. Nxd4 Nc6 7. g3 Nf6 8. Bg2 Qb6 9. Nxc6 bxc6 10. O-O Be7 11. e4 Ba6 12. Re1 Bc5 13. exd5+ Kf8 14. Be3 Bxe3 15. Rxe3 Rd8 16. Qb3 cxd5 17. Nxd5 Qxb3 18. axb3 Nxd5 19. Bxd5 Rxd5 20. Rxa6 Rd7 21. b4 g6 22. Rea3 Rb7 23. Rxa7 Rxa7 24. Rxa7 Kg7 25. Rd7 Rb8 26. Rd4 Rb5 27. Kf1 1-0

[Event "Beloeil"]
[Site "Beloeil CAN"]
[Date "1998.05.26"]
[Round "4"]
[White "Charest, Johanne"]
[Black "Deschamps, Martin"]
[Result "1-0"]
[WhiteElo "1909"]
[BlackElo "1835"]
[PlyCount "43"]
[GameId "2160767911873477"]
[EventDate "1998.04.21"]
[EventType "swiss"]
[EventRounds "5"]
[EventCountry "CAN"]

1. e4 Nf6 2. e5 Nd5 3. c4 Nb6 4. c5 Nd5 5. Nc3 c6 6. Bc4 Nxc3 7. dxc3 d5 8. cxd6 exd6 9. exd6 Qxd6 10. Qe2+ Be7 11. Bg5 Bf5 12. Rd1 Qc7 13. Nf3 b5 14. Bb3 a5 15. a4 b4 16. O-O h6 17. Bh4 Ra7 18. Nd4 Bh7 19. Rfe1 Kf8 20. Bg3 Qc8 21. Bxb8 Qxb8 22. Nxc6 1-0

[Event "Beloeil"]
[Site "Beloeil CAN"]
[Date "1998.06.02"]
[Round "5"]
[White "Weston, Paul"]
[Black "Charest, Johanne"]
[Result "1-0"]
[WhiteElo "1789"]
[BlackElo "1909"]
[PlyCount "85"]
[GameId "2160767911873478"]
[EventDate "1998.04.21"]
[EventType "swiss"]
[EventRounds "5"]
[EventCountry "CAN"]

1. e4 e5 2. Nf3 Nc6 3. Bc4 Bc5 4. b4 Bxb4 5. c3 Ba5 6. d4 exd4 7. O-O d6 8. Qb3 Qf6 9. cxd4 Bb6 10. e5 dxe5 11. dxe5 Qf5 12. Ba3 Nge7 13. Nbd2 O-O 14. Bd3 Qh5 15. Ne4 Be6 16. Qc2 Bd5 17. Ng3 Qh6 18. Bc1 Qe6 19. Bxh7+ Kh8 20. Be4 Bxe4 21. Qxe4 Ng6 22. Bb2 Nge7 23. Ng5 Qg6 24. Qg4 Kg8 25. h4 Qc2 26. Rac1 Qxb2 27. Qh5 Rfd8 28. Qxf7+ Kh8 29. Qh5+ Kg8 30. Qh7+ Kf8 31. Qh8+ Ng8 32. Ne6+ Kf7 33. Qxg7+ Kxe6 34. Qg4+ Kf7 35. Qh5+ Kf8 36. Qf5+ Ke7 37. Qh7+ Kf8 38. Nf5 Qxe5 39. Rce1 Qf6 40. g4 Re8 41. g5 Qc3 42. g6 Rxe1 43. Qf7# 1-0

[Event "Bent Jensen mem."]
[Site "Toronto CAN"]
[Date "1998.03.05"]
[Round "5"]
[White "Peterson, George"]
[Black "Evans, Bill"]
[Result "1-0"]
[WhiteElo "2143"]
[BlackElo "2160"]
[PlyCount "93"]
[GameId "2160767911873943"]
[EventDate "1998.02.05"]
[EventType "swiss"]
[EventRounds "5"]
[EventCountry "CAN"]
[SourceTitle "CFC 1998.06"]

1. d4 g6 2. c4 Bg7 3. Nc3 d6 4. e4 Nf6 5. Nf3 O-O 6. Be2 Nbd7 7. O-O e5 8. d5 Nc5 9. Qc2 a5 10. Be3 Nh5 11. a3 a4 12. Bxc5 dxc5 13. Nxa4 b6 14. Nc3 Nf4 15. Rfe1 Bg4 16. h3 Bd7 17. Bf1 g5 18. Ne2 Qf6 19. Nxf4 gxf4 20. b4 Qd6 21. b5 Bf6 22. Qc3 Ra4 23. Ra2 Re8 24. Rea1 Bg7 25. Bd3 Qg6 26. Be2 Ra5 27. Qd3 Bf8 28. Bd1 Qh6 29. a4 f5 30. Nd2 Bd6 31. Bf3 Qg6 32. Nb3 Raa8 33. a5 Rf8 34. axb6 Rxa2 35. Rxa2 cxb6 36. Ra7 fxe4 37. Bxe4 Bf5 38. Bxf5 Rxf5 39. Qe4 Qf6 40. Rd7 Rh5 41. Nd2 Rh6 42. Nf3 Rg6 43. Rb7 Qd8 44. Qf5 Be7 45. Nxe5 f3 46. g3 Rf6 47. Qd7 1-0

[Event "Bluenose CC - Valley CC m"]
[Site "Halifax CAN"]
[Date "1998.02.23"]
[Round "1"]
[White "Cosman, Tom"]
[Black "Brennan, James"]
[Result "1/2-1/2"]
[WhiteElo "1893"]
[BlackElo "1905"]
[PlyCount "45"]
[GameId "2160767911873862"]
[EventDate "1998.02.23"]
[EventType "team"]
[EventRounds "1"]
[EventCountry "CAN"]

1. d4 Nf6 2. c4 e5 3. dxe5 Ne4 4. Nf3 Nc6 5. Nbd2 Nc5 6. b3 g6 7. Bb2 Bg7 8. g3 d6 9. Bg2 O-O 10. O-O Re8 11. a3 a5 12. Qc2 dxe5 13. Rfd1 Qe7 14. e4 Bg4 15. h3 Bxf3 16. Nxf3 Rad8 17. Rd5 Nd4 18. Bxd4 exd4 19. e5 c6 20. Rxd4 Rxd4 21. Nxd4 Qxe5 22. Rd1 Rd8 23. Nf3 1/2-1/2

[Event "Bluenose CC - Valley CC m"]
[Site "Halifax CAN"]
[Date "1998.02.23"]
[Round "1"]
[White "Ede, Albert"]
[Black "Armstrong, Brad"]
[Result "1-0"]
[WhiteElo "1842"]
[BlackElo "1862"]
[PlyCount "93"]
[GameId "2160767911873863"]
[EventDate "1998.02.23"]
[EventType "team"]
[EventRounds "1"]
[EventCountry "CAN"]

1. e4 c5 2. Nc3 Nc6 3. f4 e6 4. Nf3 Nge7 5. Bb5 Nd4 6. Nxd4 cxd4 7. Ne2 Nc6 8. Bxc6 dxc6 9. d3 Bc5 10. O-O O-O 11. Bd2 f5 12. e5 Bd7 13. Qe1 Qe7 14. a4 a6 15. Rf3 Ba7 16. Rh3 c5 17. b3 Bc6 18. Kf1 Rac8 19. Ng1 Bb6 20. Qe2 Rf7 21. Qh5 g6 22. Rg3 Bd8 23. Qe2 Qe8 24. Nf3 Bd5 25. Ng5 Bxg5 26. Rxg5 b5 27. h4 c4 28. bxc4 bxc4 29. h5 cxd3 30. cxd3 Rg7 31. hxg6 hxg6 32. Be1 Qc6 33. Qb2 Kf7 34. Qxd4 Rh7 35. Kg1 Qb7 36. Qb4 Qc6 37. Qd4 Qb7 38. Bd2 Rc2 39. Qe3 Rc8 40. Qg3 Rg8 41. Rc1 Rh6 42. Qe3 Rgh8 43. Kf2 Rh2 44. Qc5 Rxg2+ 45. Rxg2 Bxg2 46. Qc7+ Kg8 47. Qd8+ 1-0

[Event "Bluenose CC - Valley CC m"]
[Site "Halifax CAN"]
[Date "1998.02.23"]
[Round "1"]
[White "Eldridge, Mike"]
[Black "Wysocki, Antoni"]
[Result "1/2-1/2"]
[WhiteElo "1970"]
[BlackElo "2053"]
[PlyCount "102"]
[GameId "2160767911873864"]
[EventDate "1998.02.23"]
[EventType "team"]
[EventRounds "1"]
[EventCountry "CAN"]

1. d4 e6 2. e4 d5 3. Nd2 c5 4. Ngf3 Nf6 5. e5 Nfd7 6. c3 Nc6 7. Be2 cxd4 8. cxd4 f6 9. exf6 Nxf6 10. O-O Bd6 11. Re1 O-O 12. Nb3 Bd7 13. Bd3 Qc7 14. Qe2 Rae8 15. Ne5 a5 16. a4 Qb6 17. Nxc6 bxc6 18. Qc2 e5 19. dxe5 Bxe5 20. Be3 Qc7 21. g3 Ne4 22. Bxe4 dxe4 23. Bc5 Rf3 24. Nd4 Bxd4 25. Bxd4 Bf5 26. Be3 Bg6 27. Rac1 Rf6 28. Qc5 Rfe6 29. Qb6 Qxb6 30. Bxb6 Rb8 31. Bxa5 Rxb2 32. Bc7 Rb7 33. Bf4 Ra7 34. Ra1 Ra6 35. a5 Kf7 36. Reb1 c5 37. Rb7+ Kf6 38. Bc7 e3 39. fxe3 Rxe3 40. Rb6+ Re6 41. Rc1 Bd3 42. Rxc5 Kf7 43. Rd5 Re1+ 44. Kf2 Re2+ 45. Kf3 Rxb6 46. axb6 Be4+ 47. Kxe2 Bxd5 48. Ke3 Ke6 49. Kd4 h5 50. Bf4 g6 51. Kc5 Bb7 1/2-1/2

[Event "Bluenose CC - Valley CC m"]
[Site "Halifax CAN"]
[Date "1998.02.23"]
[Round "1"]
[White "Hynes, Jack"]
[Black "Phillips, Gary"]
[Result "1-0"]
[WhiteElo "1642"]
[BlackElo "1713"]
[PlyCount "72"]
[GameId "2160767911873865"]
[EventDate "1998.02.23"]
[EventType "team"]
[EventRounds "1"]
[EventCountry "CAN"]

1. e4 d5 2. exd5 Qxd5 3. Nc3 Qa5 4. d4 Nf6 5. Bd2 c6 6. Nd5 Qd8 7. Nxf6+ exf6 8. Be3 Bd6 9. Nf3 O-O 10. Be2 Nd7 11. O-O Qc7 12. c4 c5 13. d5 Ne5 14. Qc2 Nxf3+ 15. Bxf3 Bxh2+ 16. Kh1 Bf4 17. Rad1 Qe5 18. Bxc5 Bf5 19. Qe2 Qxe2 20. Bxe2 Rfc8 21. Be3 Bd6 22. a3 b6 23. Rc1 Re8 24. Bf3 Rac8 25. Rfd1 Bd7 26. b4 Ba4 27. Rd2 Bb3 28. c5 bxc5 29. bxc5 Bxc5 30. Rxc5 Rcd8 31. d6 Be6 32. Bc6 Rf8 33. Ra5 Bd7 34. Bxd7 Rxd7 35. Rxa7 Rfd8 36. Rxd7 Rxd7 1-0

[Event "Bluenose CC - Valley CC m"]
[Site "Halifax CAN"]
[Date "1998.02.23"]
[Round "1"]
[White "Klapstein, John"]
[Black "Gibson, Jamie"]
[Result "1-0"]
[WhiteElo "1730"]
[BlackElo "1728"]
[PlyCount "73"]
[GameId "2160767911873866"]
[EventDate "1998.02.23"]
[EventType "team"]
[EventRounds "1"]
[EventCountry "CAN"]

1. e4 e5 2. Nf3 Nc6 3. d4 exd4 4. Nxd4 g6 5. Nc3 Bg7 6. Be3 d6 7. Qd2 Nf6 8. f3 Nxd4 9. Bxd4 Be6 10. Be2 O-O 11. O-O-O d5 12. exd5 Bd7 13. g4 c5 14. Bxc5 Re8 15. Bd4 Rc8 16. Rhe1 Qa5 17. g5 Nh5 18. Bxg7 Nxg7 19. Kb1 Bf5 20. Bd3 Kf8 21. Rxe8+ Rxe8 22. Bxf5 Nxf5 23. Re1 Rd8 24. a3 Nd6 25. Ne4 Qb5 26. Nxd6 Rxd6 27. Qd4 f6 28. c4 Qd7 29. gxf6 Qf5+ 30. Qe4 Qxf6 31. Qe8+ Kg7 32. Qe7+ Kg8 33. Qxf6 Rxf6 34. Re3 a5 35. Kc2 Kf7 36. Kc3 b6 37. b4 1-0

[Event "Bluenose CC - Valley CC m"]
[Site "Halifax CAN"]
[Date "1998.02.23"]
[Round "1"]
[White "Scallion, Calvin"]
[Black "Kenney, Jason"]
[Result "0-1"]
[WhiteElo "1784"]
[BlackElo "1801"]
[PlyCount "84"]
[GameId "2160767911873867"]
[EventDate "1998.02.23"]
[EventType "team"]
[EventRounds "1"]
[EventCountry "CAN"]

1. e4 c5 2. c3 Nf6 3. e5 Nd5 4. d4 cxd4 5. Nf3 Nc6 6. cxd4 e6 7. Bd2 d6 8. Bb5 Bd7 9. O-O Nxe5 10. Bxd7+ Nxd7 11. Re1 Be7 12. Nc3 N7b6 13. Rc1 O-O 14. Ne4 Rc8 15. Rxc8 Qxc8 16. Bg5 Bxg5 17. Nfxg5 Qd7 18. Qh5 h6 19. Nf3 Rc8 20. g4 Nf4 21. Qh4 Nbd5 22. g5 hxg5 23. Nfxg5 Ng6 24. Qh7+ Kf8 25. h4 e5 26. Qh5 Ndf4 27. Qf3 Nxh4 28. Qg3 Nhg6 29. Nh7+ Ke7 30. dxe5 dxe5 31. Qa3+ Kd8 32. Qf3 Qh3 33. Rd1+ Kc7 34. Qxh3 Nxh3+ 35. Kg2 Nhf4+ 36. Kf3 f6 37. Rc1+ Kd8 38. Rxc8+ Kxc8 39. Kg4 Kd7 40. Kf5 Ke7 41. Nc5 b6 42. Ne4 Nf8 0-1

[Event "Bluenose CC - Valley CC m"]
[Site "Halifax CAN"]
[Date "1998.02.23"]
[Round "1"]
[White "Urquhart, Eddie"]
[Black "Lomond, Gerald"]
[Result "1-0"]
[WhiteElo "2219"]
[BlackElo "2066"]
[PlyCount "77"]
[GameId "2160767911873868"]
[EventDate "1998.02.23"]
[EventType "team"]
[EventRounds "1"]
[EventCountry "CAN"]

1. e4 b6 2. d4 Bb7 3. Nc3 Qc8 4. Bf4 a6 5. Nf3 Nc6 6. Bc4 Nd8 7. O-O g6 8. Be5 f6 9. Bf4 Nh6 10. e5 f5 11. d5 Bg7 12. Qd2 Nhf7 13. Rfe1 O-O 14. Rad1 e6 15. Ng5 Nxg5 16. Bxg5 Nf7 17. dxe6 dxe6 18. Bf6 Bh6 19. Qd7 Re8 20. Ne2 c5 21. a4 Qc6 22. f3 Be3+ 23. Kf1 f4 24. Nc3 Bd4 25. Rxd4 cxd4 26. Qxd4 b5 27. Bb3 b4 28. Qxb4 a5 29. Qxf4 Ba6+ 30. Kg1 Qc5+ 31. Qe3 Rac8 32. Qxc5 Rxc5 33. Ne4 Rc6 34. Rd1 Rb8 35. Rd7 Rb7 36. Rd4 Rb4 37. Rd7 Bc4 38. Ra7 Bxb3 39. Ra8+ 1-0

[Event "Bluenose CC active"]
[Site "Halifax CAN"]
[Date "1998.02.10"]
[Round "3"]
[White "Tufts, Kim"]
[Black "Ko, Kyung-Ho"]
[Result "1-0"]
[WhiteElo "1613"]
[BlackElo "1307"]
[PlyCount "43"]
[GameId "2160767911873942"]
[EventDate "1998.02.10"]
[EventType "swiss (rapid)"]
[EventRounds "4"]
[EventCountry "CAN"]

1. e4 e5 2. f4 d5 3. exd5 e4 4. d3 exd3 5. Bxd3 Nf6 6. Nf3 Be7 7. c4 O-O 8. O-O Bc5+ 9. Kh1 c6 10. Nc3 Ng4 11. Qc2 f5 12. Ne5 Qh4 13. Nxg4 fxg4 14. Ne4 Bd4 15. Ng5 h6 16. Ne6 g3 17. h3 Bf2 18. Bd2 Na6 19. Bc3 Nc5 20. Bh7+ Kf7 21. Qg6+ Ke7 22. d6+ 1-0

[Event "Bluenose CC-ch"]
[Site "Halifax CAN"]
[Date "1998.02.14"]
[Round "3"]
[White "Brennan, James"]
[Black "Armstrong, Brad"]
[Result "1-0"]
[WhiteElo "1901"]
[BlackElo "1866"]
[PlyCount "57"]
[GameId "2160767911873896"]
[EventDate "1998.02.14"]
[EventType "swiss"]
[EventRounds "5"]
[EventCountry "CAN"]

1. d4 d5 2. c4 e6 3. Nc3 Nf6 4. Bg5 Nbd7 5. cxd5 exd5 6. e3 Be7 7. Nf3 O-O 8. Bd3 c6 9. O-O Re8 10. Qc2 h6 11. Bxf6 Nxf6 12. Ne5 Bd6 13. f4 Qc7 14. Rac1 a6 15. a3 c5 16. Qa4 c4 17. Nxd5 Qd8 18. Bxc4 Nxd5 19. Bxd5 Bxe5 20. fxe5 Be6 21. Bxb7 Rb8 22. Bc6 Rxb2 23. Bxe8 Qg5 24. Rc2 Qxe3+ 25. Kh1 Qd3 26. Rcc1 Bd5 27. Bxf7+ Bxf7 28. e6 Bxe6 29. Qe8+ 1-0

[Event "Bolduc-Hua m"]
[Site "Montreal CAN"]
[Date "1998.01.24"]
[Round "1"]
[White "Hua, Lefong"]
[Black "Bolduc, Steve"]
[Result "1-0"]
[WhiteElo "2218"]
[BlackElo "2182"]
[PlyCount "49"]
[GameId "2160767911874047"]
[EventDate "1998.01.24"]
[EventType "match"]
[EventRounds "4"]
[EventCountry "CAN"]
[SourceTitle "hb 2011"]

1. d4 Nf6 2. c4 g6 3. Nc3 Bg7 4. e4 O-O 5. f4 d6 6. Nf3 c5 7. d5 e6 8. Be2 exd5 9. cxd5 a6 10. a4 Bg4 11. O-O Nbd7 12. Re1 Qc7 13. e5 dxe5 14. d6 Qc6 15. fxe5 Ne4 16. Nd5 Kh8 17. Ne7 Qb6 18. a5 Qa7 19. Bc4 f5 20. Qd5 Bxf3 21. gxf3 Nxe5 22. fxe4 Nf3+ 23. Kh1 Nxe1 24. Ra3 Qb8 25. Nxg6+ 1-0

[Event "Bolduc-Hua m"]
[Site "Montreal CAN"]
[Date "1998.01.24"]
[Round "2"]
[White "Bolduc, Steve"]
[Black "Hua, Lefong"]
[Result "1-0"]
[WhiteElo "2182"]
[BlackElo "2218"]
[PlyCount "75"]
[GameId "2160767911874048"]
[EventDate "1998.01.24"]
[EventType "match"]
[EventRounds "4"]
[EventCountry "CAN"]
[SourceTitle "hb 2011"]

1. c4 Nf6 2. d4 e6 3. Nf3 c5 4. g3 cxd4 5. Nxd4 d5 6. Bg2 e5 7. Nc2 d4 8. O-O Nc6 9. b4 Be6 10. Nba3 Qd7 11. f4 Nxb4 12. f5 Bxf5 13. Rxf5 Qxf5 14. Nxb4 Qd7 15. Nd3 Bd6 16. c5 Bc7 17. Nc4 O-O 18. Ncxe5 Qe7 19. Nf3 Rad8 20. Bg5 Rfe8 21. Bf1 h6 22. Bxf6 Qxf6 23. Qa4 Re3 24. Kg2 g5 25. Rb1 g4 26. Nfe1 Qf5 27. Rb2 a6 28. Kg1 h5 29. Ng2 Re7 30. Rxb7 Qe6 31. Ra7 a5 32. Rb7 Qd5 33. Qb3 Qe4 34. Rb5 Kg7 35. c6 f5 36. Qc4 Rf7 37. Qc5 Bd6 38. Qc1 1-0

[Event "Bolduc-Hua m"]
[Site "Montreal CAN"]
[Date "1998.01.25"]
[Round "3"]
[White "Bolduc, Steve"]
[Black "Hua, Lefong"]
[Result "1/2-1/2"]
[WhiteElo "2182"]
[BlackElo "2218"]
[PlyCount "109"]
[GameId "2160767911874049"]
[EventDate "1998.01.24"]
[EventType "match"]
[EventRounds "4"]
[EventCountry "CAN"]
[SourceTitle "hb 2011"]

1. d4 Nf6 2. Nf3 e6 3. Bg5 h6 4. Bxf6 Qxf6 5. e4 b6 6. Bd3 Bb7 7. O-O c5 8. c3 cxd4 9. cxd4 Nc6 10. Nc3 Nxd4 11. Nxd4 Qxd4 12. Nb5 Qe5 13. Rc1 Bc5 14. b4 Bxb4 15. Nc7+ Ke7 16. Nxa8 Rxa8 17. f4 Qd4+ 18. Kh1 Bxe4 19. Bxe4 Qxe4 20. f5 Bd6 21. fxe6 dxe6 22. Qh5 g6 23. Qxh6 Rf8 24. Rce1 Qg4 25. Re3 Qh5 26. Qxh5 gxh5 27. Rh3 Rh8 28. g4 h4 29. Kg2 Be5 30. g5 Rh5 31. Kf3 Rxg5 32. Rxh4 Bd6 33. Rh7 Rf5+ 34. Kg2 Rxf1 35. Kxf1 Kf6 36. Kg2 Kg6 37. Rh8 a5 38. Rd8 Bc5 39. Kf3 f5 40. a4 e5 41. Rg8+ Kf7 42. Rc8 Kf6 43. h4 e4+ 44. Kf4 Bd6+ 45. Ke3 Bh2 46. h5 Bg1+ 47. Ke2 Bd4 48. h6 Kg6 49. Rc6+ Kh7 50. Rd6 Bc5 51. Rf6 e3 52. Kf3 Bd4 53. Rd6 Bc5 54. Re6 Bf8 55. Kxe3 1/2-1/2

[Event "Bolduc-Hua m"]
[Site "Montreal CAN"]
[Date "1998.01.25"]
[Round "4"]
[White "Hua, Lefong"]
[Black "Bolduc, Steve"]
[Result "1-0"]
[WhiteElo "2218"]
[BlackElo "2182"]
[PlyCount "109"]
[GameId "2160767911874050"]
[EventDate "1998.01.24"]
[EventType "match"]
[EventRounds "4"]
[EventCountry "CAN"]
[SourceTitle "hb 2011"]

1. d4 d5 2. c4 c6 3. cxd5 cxd5 4. Nc3 Nf6 5. Bf4 Nc6 6. e3 e6 7. Nf3 Bd6 8. Bb5 O-O 9. O-O a6 10. Bxc6 bxc6 11. Bxd6 Qxd6 12. Na4 Nd7 13. Rc1 Rb8 14. Qc2 Rb4 15. b3 Bb7 16. a3 Rb5 17. Nc5 Nxc5 18. dxc5 Qe7 19. Qc3 Ba8 20. Nd4 Rbb8 21. f4 g6 22. b4 f6 23. Nf3 Bb7 24. e4 a5 25. e5 axb4 26. axb4 Ba6 27. Rf2 Bb5 28. exf6 Rxf6 29. Ne5 Qg7 30. Qh3 Rbf8 31. g3 Kh8 32. Qg4 g5 33. Rcc2 Rf5 34. Nf3 Qa1+ 35. Kg2 gxf4 36. Ra2 Bf1+ 37. Kg1 Qb1 38. Rab2 Qc1 39. Rbc2 Bh3+ 40. Rxc1 Bxg4 41. Nd4 fxg3 42. Rxf5 gxh2+ 43. Kxh2 exf5 44. Nxc6 f4 45. Ne5 Be2 46. Kg1 Kg7 47. Kf2 Bb5 48. c6 Rc8 49. Rc5 Ba4 50. b5 Kf6 51. Nd7+ Ke6 52. Nb6 Rc7 53. Nxa4 Kd6 54. b6 Rxc6 55. b7 1-0